LEADER 00951nam a2200253 u 4500 001 000000051558 003 CaOOAMICUS 005 20070226115342.0 008 000919s1976 it u000 u ita u 035 $a10855949 040 $aPUL(R)$bita 100 1 $aSantaniello, Giuseppe.$0(OLS)http://pul/name/37039 245 12$aI tribunali amministrativi regionali /$cGiuseppe Santaniello. 250 $a2. ed. 260 $aRoma :$bLandi Sapi,$c1976. 300 $a114 p. ;$c24 cm 504 $aBibliografia in nota. 650 4$aDiritto amministrativo$zItalia.$0(OLS)http://pul/subject/8339 850 $aPUL 852 $aPUL$W1$xDP1 Fondo Ciprotti$y59$m1539 C 27$j68278$nBK-PRI$b $qFondi$B68278$CPULBib$Z2$F68278 $H $81 941 1 $a1 961 $aINV: F. Ciprotti 996 $6245$aI tribunali amministrativi regionali$9(OLS)http://pul/title/69279 996 $6260$aRoma :$bLandi Sapi$9(OLS)http://pul/publisher/68062 LEADER 01637namaa2200373 i 4500 001 000000177863 003 CaOOAMICUS 005 20250616101043.0 007 tu 008 250616s2024 it 000 u ita r 020 $a978-88-311-3427-9* 040 $aPUL$bita$erda 082 0 $a234.1 100 1 $aAgostinone, Mattia Antonio,$d1988-,$eautore.$0(OLS)http://pul/name/114444 245 10$aCarità divina e società :$ble radici trinitarie della civitas in Agostino /$cMattia Antonio Agostinone . 264 4$c©2024. 264 1$aRoma :$bNuova Biblioteca Agostiniana :$bCittà Nuova,$c2024. 300 $a394 pagine ;$c22 cm 336 $atesto$btxt$2rdacontent 337 $asenza mediazione$bn$2rdamedia 338 $avolume$bnc$2rdacarrier 490 1 $aStudi agostiniani ;$v24 504 $aBibliografia in nota a piè pagina. 600 04$aAugustinus,$cs., vesc. d'Ippona,$d354-430$xTrinità.$0(OLS)http://pul/subject/44766 830 0$aStudi agostiniani ;$v24.$0(OLS)http://pul/title/64107 850 $aPUL 852 $aPUL$W1$xSL Religione 1$y3$m19 B 24$j201781$qStampati$B206840$CPULBib$Z2$F206840 $H137974 $82 941 1 $a8 996 $6020$a978-88-311-3427-9*$9(OLS)http://pul/number/170438 996 $6082$a234.1$9(OLS)http://pul/classification/2592 996 $6245$aCarità divina e società :$ble radici trinitarie della civitas in Agostino$9(OLS)http://pul/title/219417 996 $6264$aRoma :$bNuova Biblioteca Agostiniana :$bCittà Nuova$9(OLS)http://pul/publisher/54183 996 $6264$a[S.l.] :$b[s.n.]$9(OLS)http://pul/publisher/0